[Event "2BLS 2324 SC Viernheim II - TSV Schott M"]
[Site "?"]
[Date "2024.02.04"]
[Round "6.5"]
[White "Schenderowitsch, Michael"]
[Black "Aizpurua, Patrick Emilio"]
[Result "1-0"]
[WhiteElo "2258"]
[BlackElo "2326"]
[PlyCount "141"]
[EventDate "2024.??.??"]

1. d4 Nf6 2. c4 e6 3. Nf3 d5 4. Nc3 Nbd7 5. cxd5 exd5 6. Bg5 c6 7. e3 Be7 8. Qc2 O-O 9. Bd3 Re8 10. O-O a5 11. h3 Nf8 12. Rae1 Ne4 13. Bf4 Nd6 14. Nh2 Be6 15. Ng4 Qc8 16. Qd1 Ng6 17. Bh2 Bf5 18. f3 Rd8 19. Nf2 Be6 20. Na4 Qc7 21. Qc2 Bf6 22. Ng4 Bh4 23. Re2 Re8 24. Ne5 Rad8 25. b3 Nf8 26. Ng4 h5 27. Ne5 Bf6 28. Rc1 Be7 29. Rf1 Rc8 30. Rc1 Qd8 31. Nc5 Bf6 32. Qd2 Bg5 33. Kf2 f6 34. Ng6 b6 35. Nxf8 Kxf8 36. Nxe6+ Rxe6 37. Bxd6+ Rxd6 38. f4 Bh6 39. Bf5 Rc7 40. Qd3 Re7 41. Rec2 Qc7 42. Qd1 c5 43. dxc5 Rd8 44. Qd4 b5 45. Bg6 Qc6 46. Rd1 h4 47. Rd3 b4 48. Re2 Rc7 49. Rc2 Re7 50. Rc1 Rdd7 51. Bf5 Rd8 52. Bg6 Rdd7 53. a3 bxa3 54. Ra1 Rd8 55. Rxa3 Qb5 56. Ra2 Rc7 57. Rc3 Ke7 58. Ra4 Ra7 59. c6 Rc7 60. Bd3 Qb8 61. Qc5+ Rd6 62. Bb5 Qe8 63. Rd4 Qh5 64. Rcd3 Ke6 65. Rd2 Qg6 66. Rxd5 Qg3+ 67. Kf1 Bxf4 68. exf4 Qxf4+ 69. Kg1 Rxd5 70. Qxd5+ Ke7 71. Re2+ 1-0

[Event "2BLS 2324 SC Viernheim II - TSV Schott M"]
[Site "?"]
[Date "2024.02.04"]
[Round "6.6"]
[White "Muetsch, Annmarie"]
[Black "Steinacker, Alex"]
[Result "1/2-1/2"]
[WhiteElo "2294"]
[BlackElo "2312"]
[PlyCount "79"]
[EventDate "2024.??.??"]

1. d4 g6 2. c4 Nf6 3. Nf3 Bg7 4. g3 O-O 5. Bg2 d6 6. O-O Nc6 7. Nc3 a6 8. b3 Rb8 9. d5 Na5 10. Bg5 h6 11. Be3 c5 12. dxc6 Nxc6 13. h3 Kh7 14. Nd4 Bd7 15. Nd5 Nxd5 16. cxd5 Nxd4 17. Bxd4 Bxd4 18. Qxd4 Qa5 19. h4 Rbc8 20. Qe3 Rfe8 21. Rfc1 e5 22. dxe6 Rxe6 23. Qf4 Kg7 24. Bxb7 Rxc1+ 25. Rxc1 Rxe2 26. Qxd6 Be6 27. Bxa6 Rd2 28. Qf4 Qxa2 29. Bc4 Qb2 30. Re1 Bxc4 31. bxc4 Rc2 32. Kg2 Qb7+ 33. Qe4 Qb2 34. Rf1 Qc3 35. h5 gxh5 36. Re1 Qxc4 37. Qe5+ Kh7 38. Qxh5 Qc6+ 39. Kg1 Qf6 40. Rf1 {(=)} 1/2-1/2

[Event "2BLS 2324 SC Viernheim II - TSV Schott M"]
[Site "?"]
[Date "2024.02.04"]
[Round "6.7"]
[White "Goebel, Constantin"]
[Black "Meinhardt, Maximilian"]
[Result "0-1"]
[WhiteElo "2257"]
[BlackElo "2369"]
[PlyCount "92"]
[EventDate "2024.??.??"]

1. e4 e6 2. d4 d5 3. Nc3 Nc6 4. Nf3 Nf6 5. e5 Ne4 6. Bd3 Bb4 7. Bd2 Nxd2 8. Qxd2 f6 9. a3 Bxc3 10. Qxc3 fxe5 11. dxe5 Bd7 12. Bb5 Qe7 13. O-O O-O 14. Bxc6 Bxc6 15. Nd4 Be8 16. Qh3 Bd7 17. f4 c5 18. Ne2 Bb5 19. Rae1 Rf7 20. Rf3 Raf8 21. Qg4 h5 22. Qg3 h4 23. Qg4 Rf5 24. g3 Be8 25. Rff1 d4 26. Qxh4 Qxh4 27. gxh4 Bb5 28. Ng3 Rxf4 29. Rxf4 Rxf4 30. Re4 Rf3 31. Kg2 Rf7 32. Rg4 Bc6+ 33. Kg1 Kf8 34. Rg6 Bd5 35. Nh5 c4 36. Ng3 Rf4 37. h5 Kf7 38. Rg5 Bf3 39. c3 d3 40. Nf1 b5 41. Nd2 Bd5 42. Nf1 Re4 43. Rg2 Rxe5 44. Rf2+ Ke7 45. Ng3 Re1+ 46. Nf1 Bf3 0-1

[Event "2BLS 2324 SC Viernheim II - TSV Schott M"]
[Site "?"]
[Date "2024.02.04"]
[Round "6.8"]
[White "Lanka, Zigurds"]
[Black "Lisanti, Andre"]
[Result "1/2-1/2"]
[WhiteElo "2358"]
[BlackElo "2223"]
[PlyCount "75"]
[EventDate "2024.??.??"]

1. e4 c5 2. Nc3 a6 3. Nf3 d6 4. d4 cxd4 5. Nxd4 Nf6 6. Be3 Ng4 7. Bc1 Nf6 8. h3 h5 9. Be3 e5 10. Nb3 Be6 11. Be2 Nbd7 12. f4 Rc8 13. O-O Be7 14. f5 Bc4 15. Bxc4 Rxc4 16. Qd3 Rc6 17. a4 h4 18. Rfd1 Nh5 19. Nd5 Bg5 20. c3 Bxe3+ 21. Qxe3 Ndf6 22. Nb4 Rc8 23. Nd3 Qe7 24. Nd2 Ng3 25. c4 O-O 26. b3 Nfh5 27. Kh2 g6 28. Nb4 Nf4 29. Nf1 Nxf1+ 30. Rxf1 Qg5 31. Ra2 gxf5 32. exf5 Qxf5 33. Raf2 Qg6 34. Rxf4 Qg3+ 35. Qxg3+ hxg3+ 36. Kxg3 exf4+ 37. Rxf4 Rfe8 38. Nd5 1/2-1/2

[Event "2BLS 2324 SV 1920 Hofheim - SF Bad Merge"]
[Site "?"]
[Date "2024.02.24"]
[Round "7.1"]
[White "Kazakouski, Valery"]
[Black "Bernadskiy, Vitaliy"]
[Result "1-0"]
[WhiteElo "2596"]
[BlackElo "2572"]
[PlyCount "67"]
[EventDate "2024.??.??"]

1. e4 c5 2. Nf3 d6 3. d4 cxd4 4. Nxd4 Nf6 5. Nc3 a6 6. h3 e6 7. g4 h6 8. Bg2 Bd7 9. Be3 Nc6 10. Qe2 Nxd4 11. Bxd4 e5 12. Be3 Rc8 13. f4 exf4 14. Bxf4 Be7 15. O-O-O Rxc3 16. bxc3 Qa5 17. Qc4 O-O 18. Qb4 Qxa2 19. Bxd6 Bxd6 20. Rxd6 Ba4 21. Qb2 Qc4 22. Rhd1 b5 23. e5 Qf4+ 24. Kb1 Qxe5 25. Qb4 Qg3 26. Bc6 Qf2 27. R1d2 Qb6 28. Qd4 Qc7 29. h4 Nh7 30. Be4 Nf6 31. Bf5 Qe7 32. g5 hxg5 33. hxg5 Ne8 34. Qh4 1-0

[Event "2BLS 2324 SV 1920 Hofheim - SF Bad Merge"]
[Site "?"]
[Date "2024.02.24"]
[Round "7.2"]
[White "Bosiocic, Marin"]
[Black "Rakotomaharo, Fy Antenaina"]
[Result "1-0"]
[WhiteElo "2549"]
[BlackElo "2457"]
[PlyCount "119"]
[EventDate "2024.??.??"]

1. Nf3 d5 2. g3 Nf6 3. Bg2 e6 4. O-O Be7 5. c4 O-O 6. d4 c6 7. b3 b6 8. Nc3 Ba6 9. Nd2 b5 10. c5 b4 11. Na4 Nbd7 12. a3 bxa3 13. Re1 e5 14. e3 Qc7 15. Rxa3 Bd3 16. Bb2 e4 17. b4 a5 18. Rxd3 exd3 19. b5 cxb5 20. Nc3 Rad8 21. Qb3 a4 22. Qd1 Qa5 23. Ba1 Rfe8 24. h3 Nxc5 25. dxc5 Bxc5 26. Rf1 d4 27. Nce4 Nxe4 28. Nxe4 Ba7 29. Ng5 h6 30. Nxf7 Kxf7 31. Qh5+ Kg8 32. Rc1 d2 33. Rc6 Re5 34. Qxe5 d1=Q+ 35. Kh2 Qb3 36. Rc7 Qf7 37. Rxf7 Kxf7 38. Bd5+ Rxd5 39. Qxd5+ Ke7 40. Qg8 Kf6 41. exd4 Qe1 42. d5+ Ke7 43. Qxg7+ Kd6 44. Qxa7 Qxa1 45. Qa8 Qd4 46. Qc6+ Ke7 47. Kg1 a3 48. Qe6+ Kd8 49. d6 Qa1+ 50. Kg2 Qg7 51. Qd5 Qd7 52. Kh2 b4 53. Qa5+ Ke8 54. Qxb4 Qa7 55. Qe4+ Kf8 56. Qf3+ Qf7 57. Qa8+ Kg7 58. Kg2 a2 59. d7 Qxd7 60. Qxa2 1-0

[Event "2BLS 2324 SV 1920 Hofheim - SF Bad Merge"]
[Site "?"]
[Date "2024.02.24"]
[Round "7.3"]
[White "Ikonnikov, Vyacheslav"]
[Black "Saric, Ante"]
[Result "1/2-1/2"]
[WhiteElo "2453"]
[BlackElo "2511"]
[PlyCount "34"]
[EventDate "2024.??.??"]

1. d4 Nf6 2. Nf3 d5 3. c4 e6 4. Nc3 Be7 5. Bg5 h6 6. Bh4 dxc4 7. e3 c5 8. Bxc4 cxd4 9. Nxd4 Bd7 10. O-O Nc6 11. Nf3 O-O 12. Qe2 Nd5 13. Bxd5 Bxh4 14. Nxh4 Qxh4 15. Be4 Rfd8 16. Rfd1 Be8 17. g3 Qe7 1/2-1/2

[Event "2BLS 2324 SV 1920 Hofheim - SF Bad Merge"]
[Site "?"]
[Date "2024.02.24"]
[Round "7.4"]
[White "Sumets, Andrey"]
[Black "Razafindratsima, Timothe"]
[Result "0-1"]
[WhiteElo "2520"]
[BlackElo "2432"]
[PlyCount "70"]
[EventDate "2024.??.??"]

1. d4 Nf6 2. Nf3 e6 3. g3 d5 4. Bg2 Bd6 5. c4 Nc6 6. Nbd2 O-O 7. O-O a5 8. a3 a4 9. Qc2 Bd7 10. Rd1 Na5 11. Ne5 Be8 12. Ndf3 Ne4 13. Bf4 f6 14. cxd5 exd5 15. Nd3 Nb3 16. Rab1 g5 17. Bxd6 Qxd6 18. e3 Bg6 19. Nfe1 Qe7 20. Qe2 c6 21. Nc2 Nd6 22. Re1 Kh8 23. Rbd1 Rae8 24. Nc1 Na5 25. Nb4 Nac4 26. Ncd3 f5 27. Qc2 f4 28. Qc1 fxe3 29. fxe3 Bh5 30. Rd2 Nxd2 31. Qxd2 Nc4 32. Qc3 Bf3 33. e4 Bxg2 34. Kxg2 Qf6 35. e5 Ne3+ 0-1

[Event "2BLS 2324 SV 1920 Hofheim - SF Bad Merge"]
[Site "?"]
[Date "2024.02.24"]
[Round "7.5"]
[White "Neuman, Petr"]
[Black "Ginsburg, Gennadi"]
[Result "1/2-1/2"]
[WhiteElo "2390"]
[BlackElo "2420"]
[PlyCount "120"]
[EventDate "2024.??.??"]

1. e4 c5 2. Nf3 e6 3. c3 Nf6 4. e5 Nd5 5. g3 d6 6. exd6 Bxd6 7. Bg2 O-O 8. O-O Nc6 9. d4 cxd4 10. Nxd4 Nxd4 11. Qxd4 Qf6 12. Qxf6 Nxf6 13. Nd2 Rb8 14. Rd1 Bc7 15. Ne4 Nxe4 16. Bxe4 e5 17. Be3 b6 18. f3 h6 19. c4 f5 20. Bd5+ Kh7 21. Rac1 f4 22. Bf2 fxg3 23. hxg3 Bf5 24. Kg2 Rbe8 25. Be4 Re7 26. c5 Bxe4 27. fxe4 Ref7 28. Rc2 bxc5 29. Bxc5 Rd8 30. Rd5 a6 31. Rcd2 Rc8 32. b4 Rf6 33. Rf2 Rg6 34. Rf3 Re8 35. Rf5 Bb6 36. Rf8 Rxf8 37. Bxf8 Bd4 38. Bc5 Rc6 39. a4 a5 40. Bxd4 exd4 41. b5 Rc2+ 42. Kf3 Rc3+ 43. Kf4 g5+ 44. Kf5 Rf3+ 45. Kg4 Rd3 46. Kh5 Kg7 47. e5 Kf7 48. Rd6 Rxg3 49. Kxh6 Ra3 50. Kxg5 Rxa4 51. Kf5 Rb4 52. b6 d3 53. e6+ Ke7 54. Rd7+ Ke8 55. b7 d2 56. Kf6 Rf4+ 57. Ke5 Rb4 58. Kf6 Rf4+ 59. Ke5 Rb4 60. Kf6 Rf4+ 1/2-1/2

[Event "2BLS 2324 SV 1920 Hofheim - SF Bad Merge"]
[Site "?"]
[Date "2024.02.24"]
[Round "7.6"]
[White "Gurevich, Vladimir"]
[Black "Vlasak, Lukas"]
[Result "1/2-1/2"]
[WhiteElo "2444"]
[BlackElo "2455"]
[PlyCount "34"]
[EventDate "2024.??.??"]

1. e4 c5 2. Nf3 Nc6 3. d4 cxd4 4. Nxd4 e5 5. Nb5 d6 6. c4 g6 7. N1c3 a6 8. Na3 Bg7 9. Nc2 Be6 10. Bd3 Nf6 11. O-O O-O 12. Bd2 Rc8 13. Rc1 Nd7 14. b4 f5 15. Nd5 Qh4 16. f3 fxe4 17. Bxe4 Kh8 1/2-1/2

[Event "2BLS 2324 SV 1920 Hofheim - SF Bad Merge"]
[Site "?"]
[Date "2024.02.24"]
[Round "7.7"]
[White "Nemec, Jachym"]
[Black "Womacka, Mathias"]
[Result "1/2-1/2"]
[WhiteElo "2396"]
[BlackElo "2355"]
[PlyCount "36"]
[EventDate "2024.??.??"]

1. d4 Nf6 2. c4 e6 3. Nf3 Bb4+ 4. Bd2 Qe7 5. e3 b6 6. Bd3 Bb7 7. O-O O-O 8. Re1 Bxd2 9. Nbxd2 c5 10. e4 cxd4 11. e5 Ne8 12. Nxd4 d6 13. N2f3 Nd7 14. exd6 Qxd6 15. Be4 Bxe4 16. Rxe4 Nef6 17. Re2 a6 18. b3 Rfd8 1/2-1/2

[Event "2BLS 2324 SV 1920 Hofheim - SF Bad Merge"]
[Site "?"]
[Date "2024.02.24"]
[Round "7.8"]
[White "Plenca, Jadranko"]
[Black "Gasthofer, Viktor"]
[Result "1-0"]
[WhiteElo "2429"]
[BlackElo "2300"]
[PlyCount "81"]
[EventDate "2024.??.??"]

1. e4 e6 2. d4 d5 3. Nd2 dxe4 4. Nxe4 Nd7 5. Nf3 Ngf6 6. Bd3 c5 7. O-O cxd4 8. Nxd4 Nxe4 9. Bxe4 Nf6 10. Bf3 a6 11. Bf4 Be7 12. c3 O-O 13. Re1 Re8 14. Bg3 Qb6 15. Qb3 Bc5 16. Rad1 Ra7 17. Bb8 Ra8 18. Be5 Nd7 19. Bg3 Nf8 20. Qxb6 Bxb6 21. Nf5 Ra7 22. b4 Bd7 23. Nd6 Re7 24. Nc4 Bd8 25. Bd6 Ba4 26. Bxe7 Bxe7 27. Rd2 b5 28. Nb6 Rc7 29. Nxa4 bxa4 30. Rd3 Nd7 31. Red1 Nf8 32. Be2 f5 33. Rf3 Rc6 34. b5 axb5 35. Bxb5 Rc5 36. Bxa4 Kf7 37. Bb3 Kf6 38. Rf4 g5 39. Rc4 Re5 40. Rc6 Ng6 41. Kf1 1-0

[Event "2BLS 2324 TSV Schott Mainz - Heilbronner"]
[Site "?"]
[Date "2024.02.24"]
[Round "7.1"]
[White "Baenziger, Fabian"]
[Black "Lobron, Eric"]
[Result "1/2-1/2"]
[WhiteElo "2408"]
[BlackElo "2476"]
[PlyCount "35"]
[EventDate "2024.??.??"]

1. d4 d5 2. c4 e6 3. Nf3 c5 4. cxd5 exd5 5. g3 Nc6 6. Bg2 Nf6 7. O-O Be7 8. dxc5 Bxc5 9. a3 Ne4 10. b4 Be7 11. Nfd2 f5 12. Nxe4 dxe4 13. Bb2 Qxd1 14. Rxd1 Kf7 15. g4 fxg4 16. Nd2 Be6 17. Nxe4 Rhd8 18. Rac1 1/2-1/2

[Event "2BLS 2324 TSV Schott Mainz - Heilbronner"]
[Site "?"]
[Date "2024.02.24"]
[Round "7.2"]
[White "Frischmann, Rick"]
[Black "Stijve, Theo"]
[Result "0-1"]
[WhiteElo "2372"]
[BlackElo "2348"]
[PlyCount "38"]
[EventDate "2024.??.??"]

1. e4 e5 2. f4 exf4 3. Nf3 Nf6 4. e5 Nh5 5. d4 d5 6. Be2 Rg8 7. O-O g5 8. Ne1 Ng7 9. c4 Nc6 10. Nf3 Be6 11. Nc3 Nf5 12. Qa4 g4 13. cxd5 Bxd5 14. Nxd5 Qxd5 15. Bc4 Qd7 16. Ne1 f3 17. d5 Bc5+ 18. Kh1 Ng3+ 19. hxg3 Qf5 0-1

[Event "2BLS 2324 TSV Schott Mainz - Heilbronner"]
[Site "?"]
[Date "2024.02.24"]
[Round "7.3"]
[White "Fecker, Noah"]
[Black "Cicak, Slavko"]
[Result "1-0"]
[WhiteElo "2389"]
[BlackElo "2495"]
[PlyCount "117"]
[EventDate "2024.??.??"]

1. e4 c5 2. Nf3 Nc6 3. Bb5 a6 4. Bxc6 dxc6 5. O-O Qc7 6. d3 Bg4 7. Be3 e5 8. Nbd2 f6 9. Qe2 b6 10. h3 Bh5 11. Rfd1 Ne7 12. Nf1 Nc8 13. Ng3 Bf7 14. c3 Nd6 15. d4 Nc4 16. dxe5 fxe5 17. Bc1 g6 18. b3 Na5 19. Be3 Bg7 20. Rd2 h6 21. Rad1 Nb7 22. h4 Be6 23. h5 g5 24. Nf5 O-O 25. g4 Rfd8 26. Rxd8+ Nxd8 27. Nh2 Bf8 28. Nf1 a5 29. N1g3 a4 30. c4 Nf7 31. Qb2 Qa7 32. Bd2 axb3 33. axb3 Qa2 34. Bc3 Qxb2 35. Bxb2 Ra2 36. Rb1 b5 37. Ne3 bxc4 38. bxc4 Ra4 39. Bc3 Bxc4 40. Rb8 Be6 41. Ngf5 Ra7 42. Re8 Bb3 43. Rc8 Rd7 44. Rxc6 Rd8 45. Ba5 Re8 46. Kf1 Kh7 47. Rc7 Be6 48. Nd5 Rc8 49. Ra7 c4 50. Bc3 Bxd5 51. exd5 Kg8 52. Rd7 Ra8 53. Rc7 Rd8 54. Ne3 Ba3 55. Rxc4 Nd6 56. Rc6 e4 57. Be5 Nf7 58. Rg6+ Kf8 59. Bg7+ 1-0

[Event "2BLS 2324 TSV Schott Mainz - Heilbronner"]
[Site "?"]
[Date "2024.02.24"]
[Round "7.4"]
[White "Barzen, Pascal"]
[Black "Zuferi, Enis"]
[Result "1-0"]
[WhiteElo "2265"]
[BlackElo "2412"]
[PlyCount "81"]
[EventDate "2024.??.??"]

1. e4 c5 2. Nf3 e6 3. d4 cxd4 4. Nxd4 a6 5. Nc3 b5 6. Bd3 Bb7 7. O-O Nc6 8. Nxc6 Bxc6 9. Re1 Qb8 10. a4 bxa4 11. Nxa4 Bd6 12. Qh5 Nf6 13. Qh4 a5 14. Be3 Be7 15. Qh3 Bxe4 16. Bxe4 Nxe4 17. Qg4 Nf6 18. Qxg7 Rg8 19. Qh6 Qb7 20. Qh3 Nd5 21. g3 Rc8 22. Qxh7 Nf6 23. Qd3 Ng4 24. Bd4 Rg6 25. f3 Nh6 26. Bf2 Nf5 27. Re4 Nh4 28. Kf1 Nf5 29. Rd1 d5 30. Re2 Rc6 31. g4 Nd6 32. b3 Qc7 33. h4 Rh6 34. h5 f5 35. Be3 Rh8 36. Bd4 Rf8 37. Rxe6 Rxc2 38. Be5 Qc8 39. Qxd5 fxg4 40. Rxe7+ Kxe7 41. Bxd6+ 1-0

[Event "2BLS 2324 TSV Schott Mainz - Heilbronner"]
[Site "?"]
[Date "2024.02.24"]
[Round "7.6"]
[White "Steinacker, Alex"]
[Black "Degenhard, Simon"]
[Result "1-0"]
[WhiteElo "2312"]
[BlackElo "2233"]
[PlyCount "75"]
[EventDate "2024.??.??"]

1. g3 d5 2. Nf3 Nf6 3. Bg2 e6 4. O-O Be7 5. d3 c5 6. Nbd2 Nc6 7. e4 O-O 8. Re1 b5 9. e5 Nd7 10. Nf1 a5 11. h4 Ba6 12. h5 h6 13. Bf4 Qb6 14. g4 f6 15. exf6 Bxf6 16. Bg3 Rae8 17. Rb1 Qd8 18. Qd2 Nb6 19. Ne5 Nxe5 20. Bxe5 Bxe5 21. Rxe5 Qd6 22. Rbe1 Nd7 23. R5e2 b4 24. g5 hxg5 25. Qxg5 e5 26. Ne3 Bb7 27. Ng4 Qe7 28. Qg6 Qh4 29. Nh6+ Kh8 30. Nf7+ Rxf7 31. Qxf7 Re7 32. Qg6 Nf6 33. Rxe5 Ng4 34. R5e2 Re5 35. h6 gxh6 36. Qf7 Bc6 37. Rxe5 Qh2+ 38. Kf1 1-0

[Event "2BLS 2324 TSV Schott Mainz - Heilbronner"]
[Site "?"]
[Date "2024.02.24"]
[Round "7.7"]
[White "Pogan, Nikolas"]
[Black "Krivonosov, Oleg"]
[Result "0-1"]
[WhiteElo "2204"]
[BlackElo "2344"]
[PlyCount "120"]
[EventDate "2024.??.??"]

1. c4 e6 2. Nf3 d5 3. g3 Nf6 4. Bg2 Be7 5. O-O O-O 6. d4 Nbd7 7. Qc2 c6 8. Nbd2 b6 9. e4 dxc4 10. Nxc4 Bb7 11. Bg5 b5 12. e5 bxc4 13. exf6 Nxf6 14. Qxc4 Qb6 15. Ne5 Rad8 16. Rfd1 h6 17. Be3 Nd5 18. Qb3 Ba8 19. Nc4 Qb5 20. Rac1 Rc8 21. Ne5 Rfd8 22. Bf1 Qxb3 23. axb3 Nxe3 24. fxe3 c5 25. Ba6 Rb8 26. Bc4 cxd4 27. Rxd4 Bg5 28. Rxd8+ Rxd8 29. Kf2 Rd2+ 30. Be2 Bg2 31. Rc7 Be4 32. Rc8+ Rd8 33. Rc7 Bf6 34. Nc4 a6 35. Ra7 Ra8 36. Rxa8+ Bxa8 37. Na5 Bxb2 38. Bxa6 Bc3 39. Nc4 Bd5 40. Bb5 Kf8 41. Ke2 Ke7 42. Kd3 Be1 43. Ke2 Bb4 44. Ba4 f6 45. Nb2 g5 46. Nc4 h5 47. Kf2 h4 48. gxh4 gxh4 49. Ke2 f5 50. Ne5 Kf6 51. Nd3 Bd6 52. Nf4 Be4 53. Bb5 e5 54. Nd3 Bxd3+ 55. Bxd3 e4 56. Ba6 Bxh2 57. Kf2 Bg3+ 58. Kg2 Bc7 59. Kf2 Kg6 60. Ke2 h3 0-1

[Event "2BLS 2324 TSV Schott Mainz - Heilbronner"]
[Site "?"]
[Date "2024.02.24"]
[Round "7.8"]
[White "Goebel, Constantin"]
[Black "Huber, Philipp"]
[Result "0-1"]
[WhiteElo "2257"]
[BlackElo "2292"]
[PlyCount "66"]
[EventDate "2024.??.??"]

1. e4 d6 2. d4 Nf6 3. Nc3 e5 4. Nf3 Nbd7 5. h3 c6 6. a4 a5 7. Bc4 Be7 8. O-O O-O 9. Re1 Nb6 10. Bf1 exd4 11. Nxd4 d5 12. e5 Ne8 13. Nb3 g6 14. Bh6 Ng7 15. Qd2 Re8 16. Bd3 Nd7 17. Nd4 Nc5 18. Rad1 Nce6 19. Nce2 Qb6 20. c3 Nc5 21. Bc2 Qxb2 22. Rb1 Qa2 23. Bxg7 Kxg7 24. f4 Ne4 25. Qd3 Qa3 26. Kh2 f5 27. Rb3 Nc5 28. Qg3 Nxb3 29. Bxf5 Nxd4 30. Nxd4 Bxf5 31. Nxf5+ Kh8 32. Nh6 Rf8 33. f5 Rxf5 0-1

[Event "2BLS 2324 TSV Schönaich - OSG Baden-Bad"]
[Site "?"]
[Date "2024.02.24"]
[Round "7.1"]
[White "Gozzoli, Yannick"]
[Black "Koelle, Tobias"]
[Result "0-1"]
[WhiteElo "2587"]
[BlackElo "2456"]
[PlyCount "80"]
[EventDate "2024.??.??"]

1. d4 Nf6 2. c4 e6 3. Nc3 Bb4 4. Nf3 Bxc3+ 5. bxc3 d6 6. g4 O-O 7. g5 Nfd7 8. Bg2 Nc6 9. c5 dxc5 10. O-O Qe7 11. a4 Rd8 12. Ba3 Rb8 13. e4 e5 14. Qe2 b6 15. Rad1 Nf8 16. dxc5 Rxd1 17. Rxd1 Bg4 18. Bc1 Qxc5 19. Be3 Qxc3 20. Rc1 Nd4 21. Qa2 Qa5 22. Nxd4 exd4 23. Bd2 Qe5 24. Qd5 Qe7 25. Qxd4 Rd8 26. Qe3 Ne6 27. f3 Bh5 28. h4 Qd7 29. Bc3 Qxa4 30. Kh2 c5 31. Be5 Nd4 32. Rf1 Qd7 33. Bg3 a5 34. Rb1 b5 35. Qc3 b4 36. Qxc5 Nxf3+ 37. Kh1 Nd2 38. Re1 Bf3 39. Kh2 Bxg2 40. Kxg2 b3 0-1

[Event "2BLS 2324 TSV Schönaich - OSG Baden-Bad"]
[Site "?"]
[Date "2024.02.24"]
[Round "7.2"]
[White "Deuer, Marius"]
[Black "Dann, Matthias"]
[Result "1/2-1/2"]
[WhiteElo "2421"]
[BlackElo "2474"]
[PlyCount "35"]
[EventDate "2024.??.??"]

1. d4 Nf6 2. c4 e6 3. Nc3 Bb4 4. e3 O-O 5. Nge2 d5 6. a3 Bd6 7. c5 Be7 8. b4 Nbd7 9. Nf4 c6 10. Nd3 Qc7 11. f4 b6 12. Be2 a5 13. Bd2 axb4 14. axb4 Ba6 15. O-O Bc4 16. Qc2 Rfb8 17. Rfb1 Qc8 18. Nc1 1/2-1/2

[Event "2BLS 2324 TSV Schönaich - OSG Baden-Bad"]
[Site "?"]
[Date "2024.02.24"]
[Round "7.3"]
[White "Martin, Julian"]
[Black "Iermito, Sebastian"]
[Result "1/2-1/2"]
[WhiteElo "2410"]
[BlackElo "2504"]
[PlyCount "46"]
[EventDate "2024.??.??"]

1. e4 e5 2. Nf3 Nc6 3. Nc3 Nf6 4. Bb5 Nd4 5. Bc4 Bc5 6. Nxe5 Qe7 7. Nf3 d5 8. Bxd5 Bg4 9. d3 O-O-O 10. Be3 Nxd5 11. Nxd5 Rxd5 12. exd5 Re8 13. c3 Nxf3+ 14. gxf3 Qh4 15. Kd2 Rxe3 16. fxe3 Qf2+ 17. Kc1 Bxe3+ 18. Kb1 Bxf3 19. Qe1 Bxh1 20. Qxh1 Qd2 21. a4 Qxd3+ 22. Ka2 Qc4+ 23. Kb1 Qd3+ 1/2-1/2

[Event "2BLS 2324 TSV Schönaich - OSG Baden-Bad"]
[Site "?"]
[Date "2024.02.24"]
[Round "7.4"]
[White "Korneev, Oleg"]
[Black "Schmider, Niklas"]
[Result "1-0"]
[WhiteElo "2478"]
[BlackElo "2416"]
[PlyCount "85"]
[EventDate "2024.??.??"]

1. d4 Nf6 2. Nf3 d5 3. Bf4 c5 4. e3 Nc6 5. Nbd2 e6 6. c3 cxd4 7. exd4 Nh5 8. Be3 Bd6 9. g3 O-O 10. Be2 f5 11. Bg5 Nf6 12. O-O h6 13. Bxf6 Qxf6 14. Bb5 f4 15. Qe2 Bd7 16. Rae1 Qf5 17. Bxc6 bxc6 18. Ne5 Be8 19. g4 Qf6 20. Ndf3 c5 21. Kh1 Rb8 22. Rg1 Bb5 23. Qd2 cxd4 24. cxd4 Be8 25. Rc1 Bg6 26. g5 hxg5 27. Nxg6 Qxg6 28. Rxg5 Qe4 29. Kg2 Be7 30. Rg4 Rb7 31. h3 Bb4 32. Qd1 Bd6 33. Rc2 Rfb8 34. Re2 Qf5 35. Rg5 Qf7 36. b3 Rc7 37. Qd3 Be7 38. Rg4 Rf8 39. Qa6 Bf6 40. Qxe6 Qxe6 41. Rxe6 Rc2 42. Ra6 Re8 43. Rxf6 1-0

[Event "2BLS 2324 TSV Schönaich - OSG Baden-Bad"]
[Site "?"]
[Date "2024.02.24"]
[Round "7.5"]
[White "Hagner, Bennet"]
[Black "Menezes, Christoph"]
[Result "1-0"]
[WhiteElo "2320"]
[BlackElo "2381"]
[PlyCount "55"]
[EventDate "2024.??.??"]

1. e4 e5 2. Nf3 Nc6 3. Bc4 Bc5 4. c3 Nf6 5. d3 O-O 6. O-O d6 7. Bg5 h6 8. Bh4 g5 9. Bg3 Bb6 10. a4 a6 11. Nbd2 Be6 12. Re1 Ba7 13. b4 Qd7 14. b5 Ne7 15. d4 exd4 16. Nxd4 Bxd4 17. cxd4 Bxc4 18. Nxc4 axb5 19. axb5 Qxb5 20. Rc1 Ra4 21. Ne3 Nxe4 22. Rxc7 Ng6 23. Nf5 Nxg3 24. hxg3 Ra2 25. Qf3 Qa5 26. Nxh6+ Kh7 27. Rxf7+ Kxh6 28. Re6 1-0

[Event "2BLS 2324 TSV Schönaich - OSG Baden-Bad"]
[Site "?"]
[Date "2024.02.24"]
[Round "7.6"]
[White "Kocharin, Timur"]
[Black "Demuth, Adrien"]
[Result "0-1"]
[WhiteElo "2216"]
[BlackElo "2512"]
[PlyCount "97"]
[EventDate "2024.??.??"]

1. d4 g6 2. e4 Bg7 3. Nc3 d6 4. g3 Nc6 5. d5 Ne5 6. Bg2 c6 7. Nge2 cxd5 8. Nxd5 e6 9. Ne3 Ne7 10. h4 O-O 11. h5 Qc7 12. h6 Bh8 13. Bd2 Rd8 14. O-O b6 15. Bc3 Ba6 16. Re1 Rac8 17. a4 Bb7 18. Nf4 Qb8 19. Rc1 Bc6 20. a5 b5 21. Ng4 b4 22. Bd4 Ba8 23. Nd3 N7c6 24. Bxe5 dxe5 25. Qd2 f5 26. Ne3 fxe4 27. Bxe4 Nd4 28. Bxa8 Qxa8 29. Qxb4 Nf3+ 30. Kf1 Nh2+ 31. Kg1 Nf3+ 32. Kf1 Nxe1 33. Rxe1 Qh1+ 34. Ke2 Qxh6 35. Qe7 Qg7 36. Qxe6+ Qf7 37. Qg4 e4 38. Qxe4 Bd4 39. Kf1 Bxe3 40. Rxe3 Rxc2 41. Rf3 Qe8 42. Ne5 Rc5 43. Re3 Qe6 44. b4 Qh3+ 45. Ke2 Rc1 46. Nd3 Qf1+ 47. Kf3 Qh1+ 48. Kf4 Rf8+ 49. Kg5 0-1

[Event "2BLS 2324 TSV Schönaich - OSG Baden-Bad"]
[Site "?"]
[Date "2024.02.24"]
[Round "7.7"]
[White "Trifan, Andrei Ioan"]
[Black "Keilhack, Harald"]
[Result "1-0"]
[WhiteElo "2298"]
[BlackElo "2234"]
[PlyCount "129"]
[EventDate "2024.??.??"]

1. Nf3 d5 2. d4 c5 3. c4 e6 4. cxd5 exd5 5. g3 Nf6 6. Bg2 Nc6 7. O-O Be7 8. dxc5 Bxc5 9. b3 O-O 10. Bb2 Re8 11. Nc3 a6 12. Rc1 Ba7 13. e3 Bg4 14. h3 Be6 15. Ne2 Ne4 16. Nf4 Qe7 17. Nd4 Bxd4 18. Bxd4 Rad8 19. Ba1 f6 20. Nxe6 Qxe6 21. Qg4 Qxg4 22. hxg4 Re7 23. Rfd1 Red7 24. Bd4 Nxd4 25. Rxd4 Kf7 26. Bxe4 dxe4 27. Rxe4 Rd1+ 28. Rxd1 Rxd1+ 29. Kg2 b5 30. Rd4 Ra1 31. a4 bxa4 32. Rxa4 Rb1 33. Rb4 Rb2 34. Kf3 a5 35. Rb5 Ra2 36. g5 a4 37. Rb7+ Kg6 38. gxf6 gxf6 39. bxa4 Rxa4 40. e4 h5 41. Rb6 Ra5 42. Kf4 Ra2 43. f3 Ra5 44. Re6 Ra4 45. Rd6 Rb4 46. Ke3 Rb3+ 47. Rd3 Rb2 48. f4 Ra2 49. Kf3 Rb2 50. Re3 Ra2 51. e5 fxe5 52. Rxe5 Ra3+ 53. Re3 Ra4 54. Re6+ Kg7 55. Rb6 Rc4 56. f5 Ra4 57. Rg6+ Kh7 58. Re6 Kg7 59. Re4 Ra3+ 60. Kf4 Kf7 61. Re3 Ra1 62. Kg5 Rf1 63. Ra3 Rg1 64. Kxh5 Kf6 65. Kg4 1-0

[Event "2BLS 2324 TSV Schönaich - OSG Baden-Bad"]
[Site "?"]
[Date "2024.02.24"]
[Round "7.8"]
[White "Reck, Moritz"]
[Black "Riff, Jean-Noel"]
[Result "1/2-1/2"]
[WhiteElo "2030"]
[BlackElo "2405"]
[PlyCount "77"]
[EventDate "2024.??.??"]

1. e4 e5 2. Nf3 Nc6 3. Bb5 a6 4. Ba4 Nf6 5. O-O Be7 6. Re1 b5 7. Bb3 d6 8. h3 Na5 9. d4 Nxb3 10. axb3 Nd7 11. dxe5 Nxe5 12. Nxe5 dxe5 13. Qd5 Qxd5 14. exd5 f6 15. c4 Bd7 16. Nc3 Kf7 17. Be3 bxc4 18. bxc4 Rhb8 19. Ra2 Rb4 20. c5 Bf5 21. Rd1 Bc2 22. Rd2 Bb3 23. Ra1 a5 24. d6 cxd6 25. cxd6 Bd8 26. Bc5 Rc4 27. Ba3 a4 28. Nd5 Rac8 29. Ne3 Rd4 30. Re2 Bb6 31. Ree1 Rd2 32. Rac1 Rd8 33. Rc6 Bd4 34. Rc7+ Kg6 35. g4 Kg5 36. Rxg7+ Kf4 37. Ng2+ Kf3 38. Nh4+ Kf4 39. Ng2+ 1/2-1/2